Obispado del Nuevo Reino de León : primer tiempo /

Bibliographic Details
Main Author: Tapia Méndez, Aureliano
Format: Book
Language:Spanish
Published: Monterrey, N.L. : Gobierno de Nuevo León, Archivo General del Estado, 1988.
Edition:1a ed.
Series:Cuadernos del archivo (Monterrey, Mexico) ; no.26.
Subjects:

MARC

Tag First Indicator Second Indicator Subfields
LEADER 00000mam a2200000 a 4500
001 in00003437708
005 20151206103839.0
008 900215s1988 mx a b s000 0 spa d
035 |a (OCoLC)ocm21068673 
040 |a GZM  |c GZM  |d IXA  |d UtOrBLW 
090 |a BX1430.L5  |b T25 1988 
100 1 |a Tapia Méndez, Aureliano. 
245 1 0 |a Obispado del Nuevo Reino de León :  |b primer tiempo /  |c Aureliano Tapia Méndez. 
250 |a 1a ed. 
264 1 |a Monterrey, N.L. :  |b Gobierno de Nuevo León, Archivo General del Estado,  |c 1988. 
300 |a v, 103 pages :  |b illustrations ;  |c 19 cm. 
336 |a text  |b txt  |2 rdacontent 
337 |a unmediated  |b n  |2 rdamedia 
338 |a volume  |b nc  |2 rdacarrier 
490 1 |a Cuadernos del Archivo ;  |v no. 26 
504 |a Includes bibliographical references. 
610 2 0 |a Catholic Church.  |b Diocese of Linares (Mexico) 
651 0 |a Mexico  |x Church history. 
830 0 |a Cuadernos del archivo (Monterrey, Mexico) ;  |v no.26. 
999 |a MARS 
999 f f |s 3ed33713-d463-3e7b-ade1-dd60cb4b6868  |i e1ac4cd5-c8c3-38a1-8a8d-fd1a3aea886e  |t 0 
952 f f |p ric  |a Texas A&M University  |b Rellis Campus  |c Joint Library Facility  |d Remote Storage  |t 0  |e BX1430.L5 T25 1988  |h Library of Congress classification  |i unmediated -- volume  |m 32060005618000 
998 f f |a BX1430.L5 T25 1988  |t 0  |l Remote Storage